000 00671nam a2200205 i 4500
001 bgj
245 0 0 _aPre-Raphaelite Writing :
_ban anthology /
_cedited with introduction by Derek Stanford.
260 _aLondon :
_bDent,
_c1973 ;
_aTotowa, NJ :
_bRowman and Littlefield
_c1973.
300 _aXXXVII, 207 pp, 12 pp plates :
_bphotos ;
_c20 cm.
504 _aBibliography p. XXXIII-XXXVII.
650 9 _aEnglish literature
_y19th century
650 9 _aPre-raphaelitism
700 1 _aSTANFORD, Derek.
_eed.
020 _a0460100335 (hbk)
040 _cBPK
041 0 _aeng
920 _a0-460-10033-5 (hbk)
942 _cKS
008 s uk f |000 0 eng
999 _c47833
_d47833
856 _uhttp://koha.tu.koszalin.pl/cgi-bin/koha/opac-detail.pl?biblionumber=47833
_yKatalog online BPK